Gold Cup Mexico National Football Team Roster - Statistics

General Stats
  • This quiz has been taken 11 times
  • The average score is 24 of 26
Answer Stats
Position Club Answer % Correct
LW R.S.C. Anderlecht Cesar Huerta
100%
CB Lokomotiv Moscow Cesar Montes
100%
CDM West Ham Edson Alvarez
100%
CAM Tijuana Gilberto Mora
100%
GK AVS Futebol SAD Guillermo Ochoa
100%
CB Genoa Johan Vasquez
100%
RB AFC Bournemouth Julian Araujo
100%
ST Al Qadsiah Julian Quinones
100%
CM Dynamo Moscow Luis Chavez
100%
GK Club America Luis Malagon
100%
LB AZ Alkmaar Mateo Chavez
100%
ST Fulham Raul Jimenez
100%
GK Chivas Raul Rangel
100%
LW Toluca Alexis Vega
89%
RB Club America Israel Reyes
89%
RB Cruz Azul Jorge Sanchez
89%
CM Toluca Marcel Ruiz
89%
CAM AEK Athens Orbelin Pineda
89%
RW Chivas Roberto Alvarado
89%
ST AC Milan Santiago Gimenez
89%
CAM Cruz Azul Carlos Rodriguez
78%
RW Chivas Efrain Alvarez
78%
CDM Cruz Azul Erik Lira
78%
LB Toluca Jesus Gallardo
78%
ST Cruz Azul Angel Sepulveda
67%
CB Cruz Azul Jesus Orozco
67%
No matching quizzes found
Score Distribution
Percent of People with Each Score
Percentile by Number Answered
Your Score History
You have not taken this quiz